LEADER 00950nam0-22003251i-450 001 990001831790403321 005 20190529131439.0 035 $a000183179 035 $aFED01000183179 035 $a(Aleph)000183179FED01 035 $a000183179 100 $a20021010d1994----km-y0itay50------ba 101 0 $aita 200 1 $aAlternative use of sewage sludges in agriculture$fVincenzo Pignalosa, Carmine Amalfitano, Angelo Ramunni. 210 $aPisa$c...$d1994. 215 $ap. 91-96$d24 cm 300 $aEstr. da: Agrochimica, 38(1-2),1994. 610 0 $aSuolo 676 $a631.41 700 1$aPignalosa,$bVincenzo$0352787 702 1$aAmalfitano,$bCarmine 702 1$aRamunni,$bAngelo 801 0$aIT$bUNINA$gRICA$2UNIMARC 901 $aLG 912 $a990001831790403321 952 $a60 OP. 156/4$fFAGBC 959 $aFAGBC 996 $aAlternative use of sewage sludges in agriculture$9411934 997 $aUNINA DB $aING01